00581nam a2200169Ia 4500008004000000082001300040100002800053245005600081260006700137300000800204440000600212650003000218690001800248906001100266999001700277952011700294210210b1970 xxu||||| |||| 00| 0 eng d a030 ENCY aENCYCLOPAEDIA BRITANICA aENCYCLOPAEDIA BRITANICA. (Edward to Extract) Vol 8. aChicago.bEncyclopaedia Britanica, Inc, William Benton.,c1970 a986 a8 aEncyclopaedia Britanica  aEncyclopaedia a028522 c79765d79765 001040708GeneralaALbALcGenerald2021-02-17g0.00l0o030 ENCYp028522r2021-02-17 00:00:00w2021-02-17yBK